Państwa z największą liczbą żołnierzy - Statystyki

Ogólne statystyki
  • Ten quiz został rozwiązany 324 razy
  • Średni wynik to 15 z 20
Statystyki odpowiedzi
Liczba żołnierzy Państwo % Poprawnych
2,035,000 Chiny
99%
1,359,450 Stany Zjednoczone
99%
900,000 Rosja
97%
1,444,500 Indie
91%
334,500 Brazylia
90%
1,280,000 Korea Północna
89%
247,150 Japonia
86%
523,000 Iran
82%
625,000 Korea Południowa
82%
277,150 Meksyk
81%
438,500 Egipt
78%
653,800 Pakistan
73%
355,200 Turcja
72%
227,000 Arabia Saudyjska
71%
395,500 Indonezja
67%
482,000 Wietnam
59%
360,850 Tajlandia
51%
293,200 Kolumbia
48%
406,000 Mjanma (Birma)
32%
255,000 Sri Lanka
10%
Nie znaleziono quizów pasujących do podanych kryteriów
Rozkład punktacji
Procent ludzi z każdym wynikiem
Percentyl według liczby udzielonych odpowiedzi
Twoja historia wyników
Nie rozwiązałeś tego quizu